Les îles les plus hautes du Monde - Statistiques

Statistiques générales
  • Ce quiz a été pris 121 fois
  • Le résultat moyen est 9 sur 20
Statistiques - réponses
Altitude (en m) Ile % Correct
3 676 Java
76%
3 805 Sumatra
72%
3 776 Honshū
71%
4 101 Bornéo
70%
3 323 Sicile
63%
4 884 Nouvelle-Guinée
60%
3 997 Taïwan
60%
4 205 Grande île d'Hawaï
58%
3 031 Bali
56%
3 755 Ile du Sud
51%
3 478 Sulawesi
51%
3 694 Groenland
48%
3 070 Réunion
48%
3 098 Hispaniola
33%
3 718 Tenerife
26%
3 726 Lombok
17%
3 027 Seram
9%
3 055 Maui
8%
3 794 Ross
4%
3 110 Siple
2%
Aucun quiz correspondant
Distribution des résultats
% des personnes avec chaque résultat
Percentile par nombre de réponses
Votre historique - résultats
Vous n’avez pas pris ce quiz